00717nam a2200241 i 450000100060000000300090000600500170001500700030003200800410003510000170007624500310009326000710012430000220019550501110021774000110032874000160033974000180035574000180037374000240039174000250041574000140044085200210045461294ES-MaACL20230906164425.0t|031111s1921 mx ||||1| spa d1 aEurípides.10aTragedias / cEurípides. aMéxico : b[s.n., c1921] (fTalleres Gráficos de la Nación) a433 p., 19 lám.8 aContiene: Medea. Hipólito. Las Troyanas. Las Bacantes. Ifigenia en Aulide. Ifigenia en Tauride. Hécuba0 aMedea.0 aHipólito.4 aLas Troyanas.4 aLos Bacantes.0 aIfigenia en Aulide.0 aIfigenia en Tauride.0 aHécuba. aES-MaACLjG-7716